Which TV Cartoon Family? Quiz Stats

Quiz Updated Jul 10, 2016

Challenge
Share
Tweet
Embed
Score 0/26 Timer 03:00
4 Plays Today
% Correct
Simpson
97.3%
Simpson
96.1%
Flintstone
96%
Simpson
94.8%
Simpson
94.6%
Griffin
94.4%
Flintstone
93.9%
Griffin
93.1%
Jetson
92.5%
Pickles
90.1%
Flintstone
90.1%
Griffin
89.7%
Hill
89.5%
% Correct
Simpson
88.9%
Jetson
88.7%
Pickles
87.4%
Griffin
86.8%
Jetson
84%
Griffin
83.2%
Pickles
82.5%
Hill
78.3%
Jetson
72.9%
Griffin
69.6%
Hill
65.2%
Pickles
63.5%
Pickles
49.2%

You're not logged in!

Compare scores with friends on all Sporcle quizzes.
Join for Free
OR
Log In

You Might Also Like...

Show Comments

Extras

Top Quizzes Today


Score Distribution

Your Account Isn't Verified!

In order to create a playlist on Sporcle, you need to verify the email address you used during registration. Go to your Sporcle Settings to finish the process.

Report this User

Report this user for behavior that violates our Community Guidelines.

Details: